000 00365nam a2200133Ia 4500
008 240624s9999 xx 000 0 und d
041 _aeng
082 _a658.5 KRA
100 _aKRAJEWSKI LEE J
245 _aOPERATIONS MANAGEMENT PROCESS AND VALUE
250 _a(8th ed.)
260 _c2008
_aNew Delhi
_bPearson Prentice Hall
300 _axv, : 738 : p. : cm. ; 27
999 _c13276
_d13276